000 00612nam a22002057a 4500
005 20251108173531.0
008 250721s2005 xx 000 0 ara d
082 1 4 _a153.852/برا
100 1 _aبراون، جي . إي
245 1 0 _aأساليب الإقناع وغسيل الدماغ /
250 _aط/5
264 1 _aالرياض :
_bدار الهدى للنشر والتوزيع،
_c2005.
300 _a144ص
650 1 7 _aعلم النفس
650 1 7 _aالمخ
650 1 7 _aالإقناع
700 1 _aالخياط، عبد اللطيف
_eمترجم
942 _2ddc
_cBK
999 _c106179
_d106179